Pocket Internet

Uloženo v:
Podrobná bibliografie
Hlavní autor: Geer, Sean (Autor)
Médium: Kniha
Jazyk:angličtina
Vydáno: Londres Profile Books 2000
Edice:The Economist Books
Témata:
Tagy: Přidat tag
Žádné tagy, Buďte první, kdo vytvoří štítek k tomuto záznamu!

MARC

LEADER 00000nam a2200000 a 4500
001 UCM2956
003 CL-VaPUC
008 020621e20000000UK |||||||||||||||||eng|d
082 0 4 |a 004.6103  |b GEE  |2 21 
100 0 |a Geer, Sean  |e author  |9 469731 
245 1 0 |a Pocket Internet 
300 |a 264 p 
942 |c BK 
945 |d 20020621 00:00:00  |a cmena 
260 |a Londres  |b Profile Books  |c 2000 
650 0 |a Internet   |9 254823 
650 0 |a Páginas web  |9 386845 
650 0 |a Diccionarios  |9 256200 
583 |a last modification  |c 20020621 00:00:00  |k Rodrigo Vera 
490 0 |a The Economist Books 
999 |c 300565  |d 300563 
952 |0 0  |1 0  |4 0  |6 004_610300000000000_GEE_2000  |7 0  |8 F  |9 358488  |a BIBENE  |b BIBENE  |d 2019-11-21  |i 3820106  |o 004.6103 GEE 2000  |p 3820106  |r 2025-01-15  |w 2019-11-21  |y BK_F  |k ICO